Central Library OPAC University of Rajshahi

Modeling of Development and Carbon Dioxide Emission in Bangladesh : (Record no. 78497)

MARC details
000 -LEADER
fixed length control field 01058nam a2200253 a 4500
001 - CONTROL NUMBER
control field 78497
003 - CONTROL NUMBER IDENTIFIER
rucl marc code BD-RjUL
005 - DATE AND TIME OF LATEST TRANSACTION
control field 20211209083133.0
008 - FIXED-LENGTH DATA ELEMENTS--GENERAL INFORMATION
fixed length control field 210928s2006 bg a|||| m||| 00| 0 eng d
035 ## - SYSTEM CONTROL NUMBER
System control number (BD-RjUL)78723
040 ## - CATALOGING SOURCE
Original cataloging agency BD-RjUL
Language of cataloging eng
Transcribing agency BD-RjUL
Modifying agency BD-RjUL
041 ## - LANGUAGE CODE
Language code of text/sound track or separate title eng
082 ## - DEWEY DECIMAL CLASSIFICATION NUMBER
Classification number 519.54
Author mark and year SHM 2006
Edition number 23
100 ## - MAIN ENTRY--PERSONAL NAME
Personal name Sharker, Md. Abu Yushuf
9 (RLIN) 248595
245 ## - TITLE STATEMENT
Title Modeling of Development and Carbon Dioxide Emission in Bangladesh :
Remainder of title A Bootstrap Approach /
Statement of responsibility, etc. Md. Abu Yushuf Sharker ;
Linkage Principal Supervisor : M. Nasser ; Co-Supervisor : M. A. Razzaque
260 ## - PUBLICATION, DISTRIBUTION, ETC. (IMPRINT)
Place of publication, distribution, etc. Rajshahi :
Name of publisher, distributor, etc. Department of Statistics, University of Rajshahi,
Date of publication, distribution, etc. 2006
300 ## - PHYSICAL DESCRIPTION
Pagination xvii, 188 Leaves :
Illustrations ill. ;
Size 29 cm.
502 ## - DISSERTATION NOTE
Dissertation note Thesis (M. Phil.) -- Department of Statistics, University of Rajshahi, 2006
504 ## - BIBLIOGRAPHY, ETC. NOTE
Bibliography, etc Bibliography : Leaves 171-188
650 ## - SUBJECT ADDED ENTRY--TOPICAL TERM
Topical term or geographic name as entry element Carbon dioxide mitigation
Geographic subdivision Bangladesh.
General subdivision Statistical Inference
9 (RLIN) 248770
700 ## - ADDED ENTRY--PERSONAL NAME
Personal name Nasser, M., Principal Supervisor
Personal name Razzaque, M. A., Co-Supervisor
942 ## - ADDED ENTRY ELEMENTS (KOHA)
Source of classification or shelving scheme Dewey Decimal Classification
Koha item type Theses
Holdings
Lost status Source of classification or shelving scheme Damaged status Not for loan Collection code Permanent Location Current Location Shelving location Date acquired Source of acquisition Total Checkouts Full call number Date last seen Copy number Koha item type
  Dewey Decimal Classification   Not For Loan Theses Central Library, University of Rajshahi Central Library, University of Rajshahi Documentation Section 19/02/2007 Controller of Exam., R.U.   THE 519.54 SHM 2006 28/09/2021 C-1 Theses